=LDR 00000nam 2200000 4500 =001 000559 =005 20250711123902 =035 ##$$a 0010-0725000427 =007 ta =008 250711################a##########0#ind## =020 ##$$a 978-623-307-484-1 =082 ##$$a 398.209 598 =084 ##$$a 398.209 598 MIN s =100 #$$a Minjung yoo =245 1#$$a Serigala peniru dan keluarga kambing /$c Minjung yoo =250 ##$$a Cetakan pertama =260 ##$$a Rawamangun :$b Badan pengembangan dan pembinaan bahasa,$c 2022 =300 ##$$a 14 hlm. : $b Ilus. ; $c 29cm =650 #4$$a Cerita anak indonesia-terjemahan =990 ##$$a TBM03200320